[Event "Caissa GM Sept 2012"]
[Site "Kecskemet HUN"]
[Date "2012.09.22"]
[Round "9.3"]
[White "Ashwin,J"]
[Black "Fodor,T jr"]
[Result "0-1"]
[WhiteElo "2473"]
[BlackElo "2487"]

1.d4 d5 2.c4 dxc4 3.e4 Nf6 4.e5 Nd5 5.Bxc4 Nb6 6.Bd3 Nc6 7.Be3 Be6 8.Nc3 Bd5
9.Nf3 e6 10.O-O Qd7 11.Rc1 a6 12.a3 Be7 13.Nxd5 Nxd5 14.Qc2 h6 15.Rfe1 Rd8
16.Qd2 Na7 17.Bb1 Nb5 18.Qc2 c6 19.Bd2 Qc7 20.Ba2 Qb8 21.Qe4 Qa7 22.Re2 Rd7
23.h4 h5 24.Bb1 Bf8 25.a4 Nbc7 26.Ng5 Be7 27.Rd1 Nb6 28.b3 Nc8 29.Qf3 Bd8
30.Bc1 Bxg5 31.Bxg5 Ne7 32.Red2 Ncd5 33.Qg3 f5 34.exf6 gxf6 35.Bf4 Rg8 36.Qf3 Rg4
37.Bg3 f5 38.Re1 f4 39.Bh2 Rd6 40.Re5 Rxh4 41.Rxh5 Rxh5 42.Qxh5+ Kd7 43.Qf7 Qb6
44.Bc2 Qb4 45.Rd1 Nc3 46.Bg6 Nd5 47.Bxf4 Nxf4 48.Qe8+ Kc7 49.Qxe7+ Kb6 50.Qg5 Rxd4
51.a5+ Qxa5 52.Qxa5+ Kxa5 53.Rxd4 Ne2+ 54.Kh2 Nxd4 55.g4 Kb4 56.Kg3 Kxb3
57.g5 a5 58.Bb1 Kb2 59.Bd3 a4 60.g6 a3 61.g7 a2 62.g8=Q a1=Q 63.Qd8 Qg1+
64.Kf4 Qxf2+ 65.Ke4 Nc2 66.Qh8+ Kb3  0-1

[Event "Baku Open 2012"]
[Site "Baku AZE"]
[Date "2012.09.26"]
[Round "5.12"]
[White "Izzat,Kanan"]
[Black "Guliyev,N"]
[Result "1-0"]
[WhiteElo "2326"]
[BlackElo "2536"]

1.d4 d5 2.c4 dxc4 3.e4 Nf6 4.e5 Nd5 5.Bxc4 Nb6 6.Bd3 Nc6 7.Be3 Be6 8.Nc3 Qd7
9.Nf3 Bc4 10.Bxc4 Nxc4 11.Qe2 Nxe3 12.fxe3 e6 13.O-O Be7 14.a3 O-O 15.Ne4 Qd5
16.Nfd2 Kh8 17.Rf3 f5 18.exf6 gxf6 19.Raf1 f5 20.Nc3 Qd7 21.Rh3 Bf6 22.Rh5 Rad8
23.Rf3 Rf7 24.Nb3 b6 25.Qf1 Rg7 26.Rfh3 Rdg8 27.g3 Ne7 28.Qf4 c5 29.dxc5 Bxc3
30.bxc3 Qd1+ 31.Kf2 Qc2+ 32.Kg1 Ng6 33.Qd4 e5 34.Qd6 Rf8 35.Rh6 Qb1+ 36.Kf2 f4
37.gxf4 exf4 38.e4 Qc2+ 39.Nd2 Rff7 40.c6 Qd1 41.c7 Qg4 42.Qd8+ Nf8 43.Rxh7+ Rxh7
44.c8=Q  1-0

[Event "Baku Open 2012"]
[Site "Baku AZE"]
[Date "2012.09.29"]
[Round "8.10"]
[White "Sanikidze,T"]
[Black "Agayev,N"]
[Result "1/2-1/2"]
[WhiteElo "2586"]
[BlackElo "2318"]

1.d4 d5 2.c4 dxc4 3.e4 Nf6 4.e5 Nd5 5.Bxc4 Nb6 6.Bd3 Nc6 7.Ne2 Bg4 8.f3 Be6
9.Nbc3 Nb4 10.Bb1 Bc4 11.Be4 c6 12.b3 Ba6 13.Bg5 Qd7 14.O-O f5 15.e6 Qxe6
16.Bb1 Qf7 17.Re1 O-O-O 18.Bh4 h6 19.Bg3  1/2-1/2

[Event "TCh-FIN SM 2012-13"]
[Site "Jyvaskyla FIN"]
[Date "2012.09.29"]
[Round "2.5"]
[White "Kilpi,T"]
[Black "Jarvenpaa,J"]
[Result "0-1"]
[WhiteElo "2141"]
[BlackElo "2276"]

1.d4 d5 2.c4 dxc4 3.e4 e5 4.Nf3 exd4 5.Bxc4 Nc6 6.O-O Bc5 7.Qb3 Qf6 8.Re1 Nge7
9.e5 Qf5 10.Bd3 Qh5 11.Ng5 h6 12.Ne4 Bb6 13.Ng3 Qg4 14.Re4 Qe6 15.Bc4 Qg6
16.Bd2 Be6 17.Bxe6 Qxe6 18.Qxe6 fxe6 19.Na3 O-O 20.Nc4 Nd5 21.Rd1 Bc5 22.b3 a5
23.Kf1 b5 24.Nxa5 Nxa5 25.b4 Nc4 26.bxc5 Nde3+  0-1

[Event "Oslo GM Open 2012"]
[Site "Oslo NOR"]
[Date "2012.09.30"]
[Round "1.11"]
[White "Martinsen,S"]
[Black "Donchenko,Alexa"]
[Result "1/2-1/2"]
[WhiteElo "2164"]
[BlackElo "2395"]

1.d4 d5 2.c4 dxc4 3.e4 e5 4.Nf3 exd4 5.Bxc4 Bb4+ 6.Bd2 Bxd2+ 7.Nbxd2 Nc6
8.O-O Qf6 9.Bb5 Ne7 10.e5 Qf4 11.g3 Qh6 12.Nxd4 Bh3 13.Re1 O-O-O 14.N2f3 Nxd4
15.Nxd4 Qb6 16.Qh5 Rxd4 17.Qxh3+ Kb8 18.Qf1 Ng6 19.b3 Rd2 20.Re2 Rhd8 21.Bc4 Qc5
22.Rae1 R2d7 23.e6 fxe6 24.Rxe6 a6 25.Re8 Ka7 26.Rxd8 Rxd8 27.Qe2 Qa5 28.Qe3+ Kb8
29.a4 Qf5 30.Qe4 Qf6 31.Qe3 Qc6 32.Bd3 Rd6 33.Qe8+ Ka7 34.Qxc6 Rxc6 35.Bc4 Rc5
36.f4 b5 37.axb5 axb5 38.Bg8 h6 39.Re6 Nf8 40.Re7 g5 41.Rf7 Ne6 42.Rd7 Nf8
43.Rf7 Ne6  1/2-1/2

[Event "Oslo GM Open 2012"]
[Site "Oslo NOR"]
[Date "2012.09.30"]
[Round "3.3"]
[White "Solodovnichenko,Y"]
[Black "Donchenko,Alexa"]
[Result "1/2-1/2"]
[WhiteElo "2602"]
[BlackElo "2395"]

1.d4 d5 2.c4 dxc4 3.e4 e5 4.Nf3 exd4 5.Bxc4 Bb4+ 6.Nbd2 Nc6 7.O-O Nf6 8.e5 Nd5
9.Nb3 Nb6 10.Bg5 Be7 11.Bxe7 Qxe7 12.Bb5 Bd7 13.Bxc6 Bxc6 14.Nfxd4 Bd5 15.Qg4 O-O
16.Rfe1 Rfd8 17.Rac1 Qd7 18.e6 fxe6 19.Nc5 Qf7 20.Ndxe6 Re8 21.h4 Re7 22.Ng5 Qe8
23.Rxe7 Qxe7 24.Rc3 c6 25.h5 Rf8 26.Nge6 Rf7 27.h6 Qf6 28.hxg7 Qxf2+ 29.Kh2 Rf6
30.Rh3 Qf5 31.Qxf5 Rxf5 32.Nc7 Rf7 33.Nxd5 Nxd5 34.Ra3 b6 35.Ne6 Rf6 36.Nd4 a5
37.Rg3 c5 38.Rg5 Ne7 39.Ne2 Rg6 40.Re5 Nc6 41.Rd5 Kxg7 42.Rd7+ Kg8 43.Nf4 Rh6+
44.Kg1 Kf8 45.a4 Ke8 46.Rb7 Ne7 47.Kf2 Rd6 48.Kf3 Kf7 49.b3 h6  1/2-1/2

[Event "TATA 50th ch-IND National Premier"]
[Site "Kolkata IND"]
[Date "2012.10.01"]
[Round "1.10"]
[White "Arun Prasad,S"]
[Black "Murali Krishnan,B"]
[Result "1/2-1/2"]
[WhiteElo "2510"]
[BlackElo "2329"]

1.d4 d5 2.c4 dxc4 3.e4 Nf6 4.e5 Nd5 5.Bxc4 Nb6 6.Bd3 Nc6 7.Be3 Be6 8.Nc3 Qd7
9.Nf3 O-O-O 10.O-O f6 11.Ne4 Bd5 12.Nc5 Qg4 13.h3 Qh5 14.e6 Bxf3 15.Qxf3 Qxf3
16.gxf3 g6 17.Be4 f5 18.Bxc6 bxc6 19.Rac1 Bg7 20.Nb3 Rd6 21.Na5 Rxe6 22.Nxc6 Nd5
23.Rc5 Nxe3 24.fxe3 Kd7 25.Ne5+ Bxe5  1/2-1/2

[Event "TCh-Moscow 2012"]
[Site "Moscow RUS"]
[Date "2012.10.03"]
[Round "5.2"]
[White "Belous,V"]
[Black "Eliseev,U"]
[Result "1-0"]
[WhiteElo "2551"]
[BlackElo "2490"]

1.d4 d5 2.c4 dxc4 3.e4 e5 4.Nf3 exd4 5.Bxc4 Nc6 6.O-O Be6 7.Bb5 Bc5 8.Nbd2 Ne7
9.Ng5 Qd7 10.Ndf3 a6 11.Ne5 Qd6 12.Bf4 axb5 13.Nd3 Qd8 14.Nxe6 fxe6 15.Nxc5 e5
16.Bg3 Qd6 17.Nxb7 Qg6 18.Nc5 O-O 19.Qb3+ Kh8 20.Qxb5 Ra5 21.Qc4 Rb8 22.Nb3 Rab5
23.f3 Rb4 24.Qc2 R4b6 25.Rfb1 Nd5 26.Nc5 Ndb4 27.Qd2 Qd6 28.Rc1 d3 29.Rc4 Nd4
30.Bf2 Nbc2 31.Rd1 Rc6 32.Bxd4 exd4 33.Qxd3 Ne3 34.Rxd4 Nxd1 35.Rxd6 Rxd6
36.Qc4 Rd2 37.Qf7 Ne3 38.Ne6 Rxg2+ 39.Kh1 h6 40.b3 Ra8 41.a4 c5 42.Qb7 Rg8
43.h4 Rg6 44.Qd7 c4 45.bxc4 Rb8 46.Qd3 Ng2 47.h5 Rxe6 48.Kxg2 Ra6 49.Qd7 Ra5
50.f4 Rc5 51.Qf7 Ra5 52.f5 Rxa4 53.Kf3 Ra2 54.c5 Rc2 55.f6 Rg8 56.e5 Rc3+
57.Ke4 gxf6 58.Qxf6+ Kh7 59.Qf5+ Kh8 60.e6 Rcg3 61.e7 Re8 62.Qf8+  1-0

[Event "TATA 50th ch-IND National Premier 2012"]
[Site "Kolkata IND"]
[Date "2012.10.13"]
[Round "12.15"]
[White "Suvrajit,S"]
[Black "Murali Krishnan,B"]
[Result "0-1"]
[WhiteElo "2362"]
[BlackElo "2329"]

1.d4 d5 2.c4 dxc4 3.e4 c5 4.d5 Nf6 5.Nc3 e6 6.Bxc4 exd5 7.exd5 a6 8.a4 Bd6
9.Nge2 O-O 10.h3 Nbd7 11.Bb3 Rb8 12.a5 Ne5 13.f4 Ned7 14.Bd2 b5 15.axb6 Nxb6
16.Be3 Bb7 17.Qd2 Re8 18.Rd1 Qe7 19.Bf2 Ne4 20.Nxe4 Qxe4 21.Kf1 Nc4 22.Bxc4 Qxc4
23.Be3 Qe4 24.Kf2 Bxd5 25.Rhg1 Rxb2 26.Qxb2 Qxe3+ 27.Kf1 Bc4 28.Rd2 Bxf4
29.Rc2 Bg3  0-1

[Event "TCh-SUI National A 2012"]
[Site "Switzerland SUI"]
[Date "2012.10.21"]
[Round "9.5"]
[White "Moor,O"]
[Black "Georgiadis,N"]
[Result "1/2-1/2"]
[WhiteElo "2378"]
[BlackElo "2311"]

1.d4 d5 2.c4 dxc4 3.e4 e5 4.Nf3 Bb4+ 5.Nc3 exd4 6.Qxd4 Qxd4 7.Nxd4 Nf6 8.f3 Bd7
9.Bxc4 Nc6 10.Nc2 Be7 11.g4 Ne5 12.Be2 Ng6 13.Be3 a6 14.O-O-O Bd6 15.h4 Bf4
16.h5 Bxe3+ 17.Nxe3 Nf4 18.Bc4 Be6 19.e5 Nd7 20.Ncd5 Nxd5 21.Bxd5 O-O-O 22.f4 Nb6
23.Bxe6+ fxe6 24.f5 Nd7 25.fxe6 Nxe5 26.Nf5 Rxd1+ 27.Rxd1 Re8 28.Nxg7 Re7
29.Rf1 c5 30.Rf5 Nxg4 31.Rxc5+ Kd8 32.Rd5+ Kc8 33.Rg5 Nf6 34.h6 Kd8 35.Rf5 Ne4
36.Rd5+ Kc7 37.Re5 Nd6 38.b3 Kd8 39.Rd5 Kc7 40.Re5 Kd8 41.Rd5 Kc7 42.Kc2 Ne4
43.Kd3 Nf2+ 44.Kd4 Ng4 45.Rc5+ Kd8 46.Rd5+ Kc7 47.Rc5+ Kd8 48.Rd5+  1/2-1/2

[Event "16th Unive Open"]
[Site "Hoogeveen NED"]
[Date "2012.10.24"]
[Round "6"]
[White "Hovenga,A"]
[Black "Hendriks,Ric"]
[Result "0-1"]
[WhiteElo "2246"]
[BlackElo "2123"]

1.d4 d5 2.c4 dxc4 3.e4 Nc6 4.Nf3 Bg4 5.Be3 e6 6.Bxc4 Bxf3 7.gxf3 Qf6 8.e5 Qh4
9.Bb5 Bb4+ 10.Nc3 Ne7 11.Qa4 O-O-O 12.O-O-O Bxc3 13.bxc3 a6 14.Bxc6 Nxc6
15.Rhg1 b6 16.Bg5 Qxf2 17.Bxd8 Rxd8 18.Qc2 Qe3+ 19.Kb1 Rd5 20.Rgf1 h5 21.Qc1 Qe2
22.Rd2 Rb5+ 23.Ka1 Qc4 24.Rfd1 Na5 25.Rb2 Qa4 26.Qc2 Qxc2 27.Rxc2 Nc4 28.Re2 Rd5
29.Kb1 b5 30.Kc2 a5 31.Kd3 a4 32.Rb1 c6 33.Rb4 Nb6 34.Reb2 Kc7 35.Ke4 Rd8
36.c4 Nxc4 37.Rxc4 bxc4 38.Rb4 Ra8 39.Rxc4 a3 40.Rc3 Ra4 41.h4 Kb6 42.Ke3 Ra5
43.Rb3+ Kc7 44.Rc3 Kb6 45.f4 Ra4 46.Kd3 Kc7 47.Rc4 Ra8 48.Kc3 f6 49.exf6 Rf8
50.Kd3 Rxf6 51.Ke4 Rf5 52.Ra4 c5 53.dxc5 Rxc5 54.Rxa3 Kd6 55.Rd3+ Ke7 56.a4 Rc4+
57.Rd4 Rc3 58.Rb4 Kf6 59.Kd4 Rh3 60.Kc5 Rxh4 61.a5 Rh1 62.Ra4 Rc1+ 63.Kd4 g5
64.a6 Rc8 65.fxg5+ Kxg5 66.Ke5 h4 67.Ra1 h3 68.Rg1+ Kh4 69.Rg7 h2 70.Kxe6 Rc6+
71.Kd5 Rxa6 72.Kd4 Rh6  0-1

[Event "Hotel Carilo GM"]
[Site "Pinamar ARG"]
[Date "2012.10.24"]
[Round "2.5"]
[White "Ortiz Suarez,I"]
[Black "Liascovich,L"]
[Result "1-0"]
[WhiteElo "2579"]
[BlackElo "2409"]

1.d4 d5 2.c4 dxc4 3.e4 Nf6 4.e5 Nd5 5.Bxc4 Nb6 6.Bd3 Nc6 7.Ne2 Bg4 8.f3 Bh5
9.Nbc3 e6 10.Be3 Bg6 11.O-O Bxd3 12.Qxd3 Nxe5 13.Qb5+ Nc6 14.Rad1 a6 15.Qb3 Nd5
16.Nxd5 Qxd5 17.Qxb7 Nxd4 18.Qxd5 Nxe2+ 19.Kf2 exd5 20.Rxd5 Rb8 21.Rd2 Nc3
22.bxc3 Bd6 23.Ba7 Rb7 24.Re1+ Kd7 25.Bd4 f6 26.c4 Kc6 27.c5 Bf4 28.Rdd1 Rd8
29.Re6+ Kd5 30.Re4  1-0

[Event "Chigorin Mem Rapid"]
[Site "St Petersburg RUS"]
[Date "2012.10.25"]
[Round "4.10"]
[White "Lenderman,A"]
[Black "Lintchevski,D"]
[Result "1/2-1/2"]
[WhiteElo "2614"]
[BlackElo "2562"]

1.d4 d5 2.c4 dxc4 3.e4 Nf6 4.e5 Nd5 5.Bxc4 Nb6 6.Bd3 Nc6 7.Ne2 Bg4 8.f3 Be6
9.Nbc3 Qd7 10.Ne4 Bd5 11.Nc5 Qc8 12.a3 e6 13.Qc2 Bxc5 14.Qxc5 Qd7 15.O-O a6
16.Qc3 Ne7 17.Rd1 Qc6 18.Bg5 Qxc3 19.bxc3 Bc4 20.Bxe7 Kxe7 21.Rab1 Bxd3 22.Rxd3 Rhb8
23.f4 Nc4 24.Rh3 h6 25.Ng3 Nxa3 26.Rf1 g6 27.Rxh6 a5 28.Ne4 b5 29.Rh7 Rh8
30.Rxh8 Rxh8 31.Ra1 Nc4 32.Nc5 a4 33.h3 Rh4 34.Nd3 g5 35.fxg5 Re4 36.Nb4 Re2
37.h4 Ne3 38.Ra2 Rxa2 39.Nxa2 Nf5 40.h5 Ng3 41.h6 Kf8 42.Kf2 Ne4+ 43.Ke3 Nxg5
44.Kf4 Nh7 45.g4 Kg8 46.Nb4 Nf8 47.g5 Kh7 48.Nc2 Ng6+ 49.Ke4 Ne7 50.Kd3 Kg6
51.c4 bxc4+ 52.Kxc4 Kxg5 53.h7 Ng6 54.Kb4 Kh6 55.Kxa4 Kxh7 56.Kb5 Ne7 57.Nb4 Kg6
58.Na6 Nd5 59.Kc5 Kf5 60.Nb8 Ne7 61.Na6 Nd5 62.Nb8 Ne7 63.Na6 Nd5 64.Nb8 Ke4
65.Nc6 Kf5 66.Nb8 Ne7  1/2-1/2

[Event "TCh-SVK Extraliga 2012-13"]
[Site "Slovakia SVK"]
[Date "2012.10.27"]
[Round "1.3"]
[White "Maslik,M"]
[Black "Varga,Zo"]
[Result "0-1"]
[WhiteElo "2376"]
[BlackElo "2455"]

1.d4 d5 2.c4 dxc4 3.e4 Nf6 4.e5 Nd5 5.Bxc4 Nb6 6.Bd3 Nc6 7.Ne2 Bg4 8.f3 Bh5
9.Nbc3 e6 10.Be3 Bg6 11.Bb5 Be7 12.Nf4 O-O 13.Nxg6 hxg6 14.O-O Nb4 15.Rc1 N6d5
16.Nxd5 Nxd5 17.Qd2 Bb4 18.Qf2 Nxe3 19.Qxe3 c5 20.Rfd1 cxd4 21.Qxd4 Qa5 22.Bd7 Rfd8
23.Kh1 Be7 24.a3 b5 25.Qe4 Rab8 26.Rd3 b4 27.a4 b3 28.f4 Rb4 29.Qe3 a6 30.h3 Rb7
31.Bc6 Rxd3 32.Qxd3 Rb8 33.Bd7 Qb6 34.Rc8+ Rxc8 35.Bxc8 a5 36.Ba6 Qf2 37.Qxb3 Bc5
38.Qd1 Qxf4 39.Qe1 Bd4 40.Qxa5 Bxe5 41.Kg1 Qe3+  0-1

[Event "Chigorin Memorial"]
[Site "St Petersburg RUS"]
[Date "2012.10.28"]
[Round "2.60"]
[White "Raznikov,D"]
[Black "Vorobjev,D"]
[Result "1-0"]
[WhiteElo "2465"]
[BlackElo "2256"]

1.d4 d5 2.c4 dxc4 3.e4 Nc6 4.Nf3 Bg4 5.Bxc4 e6 6.Be3 Nf6 7.Nc3 Bb4 8.Qc2 O-O
9.O-O-O Bxc3 10.bxc3 Qe7 11.h3 Bh5 12.Bd3 e5 13.g4 exd4 14.Nxd4 Nxd4 15.cxd4 Bg6
16.f3 Nd5 17.Bd2 Rfd8 18.Qb3 Nb6 19.Bc3 c5 20.Bc2 c4 21.Qb2 f6 22.d5 Qc7
23.Rdf1 Nd7 24.Kb1 b5 25.Ka1 Rab8 26.Qb4 Nb6 27.Rf2 Be8 28.Rd1 Na4 29.Bxa4 bxa4
30.Qa5 Qb7 31.Rb2 Qe7 32.Rdb1 Rxb2 33.Rxb2 Rc8 34.Qb4 Qxb4 35.Rxb4 h5 36.Rb7 hxg4
37.hxg4 Rd8 38.g5 Rd7 39.Rb8 Kf7 40.g6+  1-0

[Event "16th OIBM 2012"]
[Site "Bad Wiessee GER"]
[Date "2012.10.29"]
[Round "3.3"]
[White "Parligras,M"]
[Black "Hoffmann,Hen"]
[Result "1/2-1/2"]
[WhiteElo "2633"]
[BlackElo "2259"]

1.d4 d5 2.c4 dxc4 3.e4 e5 4.Nf3 exd4 5.Bxc4 Nc6 6.Qb3 Bb4+ 7.Nbd2 Qe7 8.a3 Ba5
9.O-O Bb6 10.e5 Nh6 11.Ne4 Na5 12.Qa4+ Bd7 13.Bb5 a6 14.Bxd7+ Qxd7 15.Qc2 O-O-O
16.Bg5 d3 17.Qc3 Qd5 18.Bxd8 Rxd8 19.Ned2 Nc6 20.Rac1 Nf5 21.Rfd1 g5 22.Nc4 g4
23.Ne1 Bxf2+ 24.Kf1 Bxe1 25.Qxe1 b5 26.Qf2 bxc4 27.Qxf5+ Kb7 28.Qxg4 Nxe5
29.Qf5 Qd4 30.Qf2 Ng4 31.Qxd4 Rxd4 32.Kg1 Ne3 33.Rd2 f5 34.b3 c5 35.Rc3 Rf4
36.Rc1 Rd4 37.Rc3 Rf4 38.Rc1 Rd4  1/2-1/2

[Event "4th Marcel Duchamp Open"]
[Site "Buenos Aires ARG"]
[Date "2012.10.29"]
[Round "7.15"]
[White "Cativelli,G"]
[Black "Lida Garcia,F"]
[Result "1-0"]
[WhiteElo "2173"]
[BlackElo "1996"]

1.d4 d5 2.c4 dxc4 3.e4 e5 4.Nf3 Nf6 5.Bxc4 exd4 6.Qb3 Qe7 7.O-O Nc6 8.e5 Ne4
9.h3 Nc5 10.Qd1 Be6 11.Bb5 Bd5 12.Nc3 Bxf3 13.Qxf3 Qe6 14.Ne4 Nxe4 15.Qxe4 O-O-O
16.Bf4 f5 17.Qe2 Nb4 18.Rfd1 Bc5 19.Bc4 Qb6 20.Rac1 Nd5 21.Qf3 Nxf4 22.Qxf4 g6
23.Rd3 Be7 24.Rb3 Qc6 25.a4 Qe4 26.Qd2 Qxe5 27.Re1 Qc5 28.Qd3 c6 29.Ba6 bxa6
30.Qxa6+ Kd7 31.Rb7+ Ke8 32.b4 Qd6 33.Rexe7+ Kf8 34.Rxa7 Qf6  1-0

[Event "e2e4 Basingstoke Int Open"]
[Site "Basingstoke ENG"]
[Date "2012.10.30"]
[Round "6.6"]
[White "Lalic,B"]
[Black "Josse,Mar"]
[Result "1-0"]
[WhiteElo "2488"]
[BlackElo "2147"]

1.d4 d5 2.c4 dxc4 3.e4 c5 4.d5 Nf6 5.Nc3 b5 6.Bf4 Qa5 7.a4 Nxe4 8.Ne2 Nd6
9.axb5 Qd8 10.Ng3 Nd7 11.Be2 g6 12.O-O Bg7 13.Qd2 O-O 14.Rfe1 Nf6 15.Qe3 Qc7
16.Bxc4 Re8 17.Bf1 Bb7 18.Red1 Ng4 19.Qe2 h5 20.h3 Nf6 21.Qe3 h4 22.Nge2 Qc8
23.Qd3 Nh5 24.Bg5 Nf5 25.Ra4 a6 26.Rda1 axb5 27.Qxb5 Nd4 28.Rxa8 Bxa8 29.Qc4 e6
30.dxe6 Rxe6 31.Ra5 Qb7 32.Rxc5 Nf3+ 33.gxf3 Qxf3 34.Rc8+ Kh7 35.Rxa8 Qxa8
36.Qxh4 Kg8 37.Be3 Qb7 38.Qd8+ Kh7 39.Qd2 Qb4 40.Bg2 Ra6 41.Bf3 Qh4 42.Kg2 Nf6
43.Ng3 Qb4 44.Qc2 Ra1 45.Nge4 Qc4 46.Ng5+ Kg8 47.Qe2 Qxe2 48.Bxe2 Nd7 49.Bb5 Ne5
50.f4  1-0

[Event "39th ch-IND Premier w 2012"]
[Site "Jalgaon IND"]
[Date "2012.11.01"]
[Round "9.2"]
[White "Karavade,E"]
[Black "Meenakshi,Sub"]
[Result "1-0"]
[WhiteElo "2393"]
[BlackElo "2296"]

1.d4 d5 2.c4 dxc4 3.e4 c5 4.d5 Nf6 5.Nc3 b5 6.Bf4 Ba6 7.e5 b4 8.exf6 bxc3
9.bxc3 gxf6 10.Nf3 e5 11.Bg3 Qa5 12.Qc2 Nd7 13.Be2 Bd6 14.O-O O-O-O 15.Nh4 Kc7
16.Nf5 Rhe8 17.f4 e4 18.Bh5 Rf8 19.Rae1 Rde8 20.Rxe4 Rxe4 21.Qxe4 Qxc3 22.Re1 Bb7
23.Nxd6 Kxd6 24.Qe7+ Kc7 25.f5+ Kc8 26.Qe8+  1-0

[Event "Chigorin Memorial"]
[Site "St Petersburg RUS"]
[Date "2012.11.02"]
[Round "7.104"]
[White "Denishev,M"]
[Black "Andreeva,Y"]
[Result "1-0"]
[WhiteElo "2198"]
[BlackElo "1944"]

1.d4 d5 2.c4 dxc4 3.e4 b5 4.a4 c6 5.b3 e5 6.Nf3 exd4 7.bxc4 c5 8.cxb5 Nf6
9.Bc4 Be6 10.Bxe6 fxe6 11.Qb3 Qd7 12.O-O Nxe4 13.Re1 Qd5 14.Qd3 Nf6 15.Ng5 e5
16.f4 Nbd7 17.fxe5 Nxe5 18.Bf4 Bd6 19.Bxe5 Bxe5 20.Nf3 Nd7 21.Nxe5 O-O 22.Nxd7 Qxd7
23.Nd2 Rae8 24.Qc4+ Kh8 25.Qxc5 d3 26.Rxe8 Rxe8 27.Rf1 h6 28.Rf8+ Rxf8 29.Qxf8+ Kh7
30.Qf4 Qd8 31.Nc4 Qe7 32.Qe3 Qd8 33.Kf2 Qf6+ 34.Ke1 Qc3+ 35.Nd2 Qa1+ 36.Kf2 Qf6+
37.Nf3 Qd6 38.Qd4 Qa3 39.Ke3 Qc1+ 40.Kxd3 Qf1+ 41.Ke3 Qxg2 42.Qxa7  1-0

[Event "Vizag GM Open 2012"]
[Site "Visakhapatnam IND"]
[Date "2012.11.02"]
[Round "10.15"]
[White "Ashwin,J"]
[Black "Abhilash,R"]
[Result "1-0"]
[WhiteElo "2480"]
[BlackElo "2242"]

1.d4 d5 2.c4 dxc4 3.e4 Nf6 4.e5 Nd5 5.Bxc4 Nb6 6.Bd3 Nc6 7.Be3 Nb4 8.Be4 f5
9.exf6 exf6 10.Nc3 f5 11.Bb1 N4d5 12.Nf3 Be7 13.O-O O-O 14.Re1 c6 15.a4 a5
16.Ba2 Kh8 17.Bd2 Bf6 18.Ne5 Bxe5 19.dxe5 Be6 20.Ne2 Qh4 21.f4 c5 22.Qc2 Rfc8
23.Qd3 Qe7 24.Qf3 Rc6 25.Red1 h6 26.Be1 Qf7 27.Nc3 c4 28.Bb1 Nb4 29.Bf2 N6d5
30.Nb5 Rf8 31.Ra3 Qe7 32.Nd4 Rcc8 33.Bh4 Qf7 34.Nb5 Rc6 35.Nd4 Rcc8 36.Nb5 Rc6
37.Qf2 Qh5 38.Re1 b6 39.Nd4 Qe8 40.Qd2 Rc7 41.g4 Nd3 42.Bxd3 cxd3 43.Rxd3 Nb4
44.Nxe6 Qxe6 45.Rd6 Qb3 46.e6 Rc2 47.e7 Re8 48.Qe3 Qxa4 49.Rxh6+  1-0

[Event "Chigorin Memorial"]
[Site "St Petersburg RUS"]
[Date "2012.11.03"]
[Round "8.36"]
[White "Airapetian,G"]
[Black "Malakhatko,V"]
[Result "0-1"]
[WhiteElo "2435"]
[BlackElo "2558"]

1.d4 d5 2.c4 dxc4 3.e4 Nc6 4.Nf3 Bg4 5.d5 Ne5 6.Bf4 Ng6 7.Be3 a6 8.Bxc4 Nh4
9.Rg1 e5 10.Nbd2 Bd6 11.Qb3 b5 12.Be2 Bd7 13.O-O-O Ng6 14.Ne1 Rc8 15.Kb1 c6
16.dxc6 Rxc6 17.Nef3 Nf6 18.Rc1 O-O 19.Rgd1 Qa8 20.Rxc6 Bxc6 21.Bd3 Be7 22.Bg5 h6
23.Bxf6 Bxf6 24.g3 Rd8 25.Qc2 Ne7 26.Ka1 Bb7 27.Nb1 Nc6 28.Nc3 Nb4 29.Qe2 Nxd3
30.Rxd3 b4 31.Nd5 Bxd5 32.exd5 Rxd5 33.Qe4 Rd8 34.Qxa8 Rxa8 35.Re3 Rc8 36.Kb1 Rc5
37.a3 e4 38.Rxe4 bxa3 39.bxa3 Rb5+ 40.Rb4 Rxb4+ 41.axb4 Be7 42.b5 axb5 43.Nd4 b4
44.Kc2 Kh7 45.Nc6 Bd6 46.Kb3 Kg6 47.Nxb4 Kf5 48.f3 Ke5 49.Nc2 Bc5 50.Kc3 Bg1
51.Kd3 Bxh2 52.g4 Kf4 53.Ke2 Kg3 54.Ne3 g6 55.Nf1+ Kh3 56.Nd2 Bf4 57.Ne4 Kg2
58.Nf6 Bc1 59.Nd7 h5 60.gxh5 gxh5 61.Ne5 h4 62.f4 h3  0-1

[Event "Chigorin Memorial"]
[Site "St Petersburg RUS"]
[Date "2012.11.04"]
[Round "9.67"]
[White "Marusenko,P"]
[Black "Khuseinkhodzhaev,M"]
[Result "0-1"]
[WhiteElo "2175"]
[BlackElo "2377"]

1.d4 d5 2.c4 dxc4 3.e4 e5 4.Nf3 Nc6 5.Bxc4 exd4 6.O-O Be6 7.Bb5 Bc5 8.Nbd2 Ne7
9.Nb3 Bxb3 10.Qxb3 O-O 11.Bg5 Qd6 12.Bh4 Bb6 13.Rfd1 a6 14.Ba4 Na5 15.e5 Qg6
16.Qa3 Nd5 17.Nxd4 Qg4 18.Qg3 Qxg3 19.Bxg3 c6 20.Rac1 Rfd8 21.Nf5 Nb4 22.Rxd8+ Rxd8
23.a3 Nd3 24.Rb1 Nc4 25.Nd6 Ncxe5 26.Ne4 Nc4 27.Bb3 Ndxb2 28.h3 Rd4 29.Ng5 Rd3
30.Re1 g6 31.Bxc4 Nxc4 32.Bf4 h6 33.Nf3 g5 34.Bg3 f5 35.Bb8 Rd8 36.Rc1 Nb2
37.Be5 Nd3 38.Rb1 Bxf2+ 39.Kf1 Nxe5  0-1

[Event "Chigorin Memorial"]
[Site "St Petersburg RUS"]
[Date "2012.11.04"]
[Round "9.132"]
[White "Yudkevich,M"]
[Black "Andreeva,Y"]
[Result "1/2-1/2"]
[WhiteElo "2099"]
[BlackElo "1944"]

1.d4 d5 2.c4 dxc4 3.e4 b5 4.a4 c6 5.Nf3 Nf6 6.e5 Nd5 7.Be2 Bg4 8.O-O e6 9.axb5 cxb5
10.b3 Be7 11.bxc4 bxc4 12.Bxc4 O-O 13.Ba3 Nc6 14.Bxd5 Qxd5 15.Bxe7 Nxe7 16.Nbd2 Rfd8
17.Ra4 Nc8 18.Qa1 a5 19.Rc1 Bxf3 20.Nxf3 Nb6 21.Rc5 Nxa4 22.Rxd5 Rxd5 23.Qxa4 h6
24.h4 Rb8 25.g4 g6 26.g5 h5 27.Nd2 Kg7 28.Ne4 Rb4 29.Qe8 Rbxd4 30.Nf6 Rd8
31.Qe7 a4 32.Ne8+ Rxe8 33.Qxe8 a3 34.Qa8 Rd3 35.Kg2 Rc3 36.Qa4 Kg8 37.Qb4 Rd3
38.Qa4 Rc3 39.Qb4 Rd3 40.Qa4 Rc3  1/2-1/2

[Event "WY GU18 2012"]
[Site "Maribor SLO"]
[Date "2012.11.09"]
[Round "2"]
[White "Pustovoitova,D"]
[Black "Asgarizadeh,M"]
[Result "0-1"]
[WhiteElo "2269"]
[BlackElo "2106"]

1.d4 d5 2.c4 dxc4 3.e4 Nf6 4.e5 Nd5 5.Bxc4 Nb6 6.Bb3 Nc6 7.Nf3 Bf5 8.a3 e6
9.Nc3 Qd7 10.d5 exd5 11.Nxd5 Bc5 12.Be3 Bxe3 13.Nxe3 O-O 14.O-O Rae8 15.Qxd7 Bxd7
16.Rac1 Nxe5 17.Nxe5 Rxe5 18.Rxc7 Bc6 19.Ng4 Rb5 20.Bd1 Nd5 21.Rxc6 bxc6
22.b4 h5 23.Ne5 Nxb4 24.f4 Nd5 25.Bxh5 Nxf4 26.Bxf7+ Rxf7 27.Nxf7 Rf5 28.Kh1 Rxf7  0-1

[Event "WY BU16 2012"]
[Site "Maribor SLO"]
[Date "2012.11.10"]
[Round "3.3"]
[White "Kowsarinia,A"]
[Black "Alekseenko,K"]
[Result "1/2-1/2"]
[WhiteElo "2262"]
[BlackElo "2434"]

1.d4 d5 2.c4 dxc4 3.e4 Nf6 4.e5 Nd5 5.Bxc4 Nb6 6.Bd3 Nc6 7.Ne2 Bg4 8.f3 Be6
9.Nbc3 Qd7 10.Ne4 Bd5 11.Nc5 Qc8 12.a3 e6 13.Qc2 Bxc5 14.Qxc5 Qd7 15.Be3 a6
16.Qc3 Ne7 17.Rc1 Bc6 18.Bf2 O-O-O 19.Qc5 Kb8 20.O-O Nbd5 21.Qa5 Bb5 22.Rfd1 Nf5
23.Nc3 Nxc3 24.Rxc3 b6 25.Qb4 Bxd3 26.Rcxd3 a5 27.Qd2 Qd5 28.b4 axb4 29.Qxb4 Rd7
30.Rc1 Ne7 31.a4 Kb7 32.Qb2 Qa5 33.Rb3 Ra8 34.Ra1 Nd5 35.Be1 Qa6 36.a5 Qc4
37.Rc1 Qa6 38.axb6 Nxb6 39.d5 exd5 40.Bf2 d4 41.Bxd4 Rad8 42.Ra3 Qxa3 43.Qxa3 Rxd4
44.Qb3 R8d5 45.Re1 Rd2 46.f4 g6 47.Ra1 Rc5 48.Rd1 Rxd1+ 49.Qxd1 Rd5 50.Qe2 c5
51.g4 c4 52.f5 gxf5 53.gxf5 c3 54.e6 fxe6 55.fxe6 Rc5 56.e7 c2 57.Qf3+ Rd5
58.e8=Q c1=Q+ 59.Kg2 Qg5+ 60.Kf1 Qc1+ 61.Qe1 Qxe1+ 62.Kxe1 h5 63.h4 Ka6 64.Ke2 Ka7
65.Qb3 Ka6  1/2-1/2

[Event "FIDE WCh Women World Cup"]
[Site "Khanty-Mansiysk RUS"]
[Date "2012.11.11"]
[Round "1.1"]
[White "Cmilyte,V"]
[Black "Aliaga Fernandez,I"]
[Result "1/2-1/2"]
[WhiteElo "2524"]
[BlackElo "2175"]

1.d4 d5 2.c4 dxc4 3.e4 e5 4.Nf3 exd4 5.Bxc4 Bb4+ 6.Nbd2 Nc6 7.O-O Nf6 8.e5 Nd5
9.Nb3 Nb6 10.Bg5 Be7 11.Bxe7 Nxe7 12.Bd3 O-O 13.Nfxd4 Ng6 14.f4 a5 15.Be4 Nd5
16.Bxg6 hxg6 17.Qd2 c6 18.Nc5 Qb6 19.Rac1 a4 20.Kh1 Rd8 21.Qf2 Ra5 22.Nf3 Ne7
23.Ng5 Nf5 24.Nge4 Nh6 25.h3 Rd5 26.g4 Be6 27.Nxe6 Qxf2 28.Rxf2 fxe6 29.Ng5 Rd3
30.Kg2 a3 31.b3 Nf7 32.Nxe6 g5 33.Nc5 Rd5 34.b4 Rb5 35.e6 Nd6 36.Rb1 gxf4
37.Rxf4 Re5 38.Rd1 b6 39.Nb3 Rxe6 40.Nd4 Rd5 41.Rdf1 Re4 42.Rxe4 Nxe4 43.Nxc6 Rd2+
44.Kf3 Ng5+ 45.Kf4 Nxh3+ 46.Kg3 Ng5 47.Ne7+ Kh8 48.Rh1+ Nh7 49.Rc1 g5 50.Rc6 Nf8
51.Rxb6 Rxa2 52.Rb8 Kg7 53.Nf5+ Kf7 54.Ra8 Rb2 55.Ra7+ Ke6 56.Ra6+ Ke5 57.Rxa3 Rxb4
58.Ra5+ Kf6 59.Ne3 Rb3 60.Rf5+  1/2-1/2

[Event "WY BU16 2012"]
[Site "Maribor SLO"]
[Date "2012.11.12"]
[Round "6.1"]
[White "Wagner,De"]
[Black "Eliseev,U"]
[Result "1/2-1/2"]
[WhiteElo "2456"]
[BlackElo "2495"]

1.d4 d5 2.c4 dxc4 3.e4 e5 4.Nf3 exd4 5.Bxc4 Nc6 6.O-O Be6 7.Bb5 Bc5 8.b4 Bb6
9.a4 a6 10.Bxc6+ bxc6 11.a5 Ba7 12.Bb2 Nf6 13.Bxd4 Nxe4 14.Bxa7 Qxd1 15.Rxd1 Rxa7
16.Nd4 Bd5 17.f3 Nf6 18.Nc3 O-O 19.Rab1 Rb7 20.Na4 Rfb8 21.Nc2 Nd7 22.Nc3 Nf6
23.Kf2 h5 24.Na4 Nd7 25.Nc3 Nf6 26.Na4 Nd7  1/2-1/2

[Event "WY BU16 2012"]
[Site "Maribor SLO"]
[Date "2012.11.12"]
[Round "6.12"]
[White "Hackner,Oskar A"]
[Black "Petrov,N"]
[Result "1/2-1/2"]
[WhiteElo "1985"]
[BlackElo "2309"]

1.d4 d5 2.c4 dxc4 3.e4 Nc6 4.Nf3 Nf6 5.e5 Nd5 6.Bxc4 Nb6 7.Bb3 Bf5 8.O-O e6
9.Nc3 Nb4 10.Be3 Be7 11.a3 N4d5 12.Qe2 O-O 13.Rac1 Rc8 14.Rfd1 a6 15.Nd2 Nxc3
16.Rxc3 Nd5 17.Rcc1 Qd7 18.Bc2 Bxc2 19.Rxc2 Rfd8 20.Rdc1 Qa4 21.Ne4 Rd7 22.g3 Qb3
23.Qc4 Qb6 24.Qa4 Rdd8 25.b4 c6 26.Nc5 Ra8 27.Qa5 Bxc5 28.Rxc5 Qa7 29.Qa4 Qb8
30.Qb3 Qc7 31.a4 Qd7 32.Bd2 Rdc8 33.Qc2 Ne7 34.Qe4 Nd5 35.Qc2 Rf8 36.f3 Ne7
37.Qe4 Nf5 38.Be3 Rad8 39.Rd1 b6 40.Rcc1 Rc8 41.Bf2 Ne7 42.Ra1 Nd5 43.Be1 Qe7
44.a5 Rb8 45.Qd3 bxa5 46.Rxa5 Nxb4 47.Bxb4 Qxb4 48.Rxa6 c5 49.Rc6 cxd4 50.Qxd4 Qb3
51.Rc3 Qb7 52.Rd2  1/2-1/2